On-line zákazník
Štúdia "E-commerce 2009: Trendy a názory - výzkum mezi českými užívateli internetu" - detailne analyzuje oblasť nakupovania cez internet. Podľa štúdie má viac ako polovica českých používateľov internetu v obľube nakupovanie cez internet. Naopak negatívny vzťah má iba každý piaty respondent. Najobľúb...
Saved in:
| Format: | Book Chapter |
|---|---|
| Language: | Czech |
| Subjects: | |
| Tags: |
No Tags, Be the first to tag this record!
|
MARC
| LEADER | 00000naa$a2200000$$$4500 | ||
|---|---|---|---|
| 001 | 0112439 | ||
| 005 | 20231019094211.4 | ||
| 041 | 0 | |a cze | |
| 044 | |a CZ | ||
| 245 | 1 | 0 | |a On-line zákazník |
| 520 | |a Štúdia "E-commerce 2009: Trendy a názory - výzkum mezi českými užívateli internetu" - detailne analyzuje oblasť nakupovania cez internet. Podľa štúdie má viac ako polovica českých používateľov internetu v obľube nakupovanie cez internet. Naopak negatívny vzťah má iba každý piaty respondent. Najobľúbenejším spôsobom vyhľadávania produktov je použitie vyhľadávačov a prezeranie si ponúk internetových obchodov. Za pozornosť stojí fakt, že rastie význam cenových porovnávaní ako prvého kroku pri vyhľadávaní produktov. | ||
| 610 | 2 | 0 | |a zákazníci |
| 610 | 2 | 0 | |a produkty |
| 610 | 2 | 0 | |a obchod elektronický |
| 610 | 2 | 0 | |a nákup |
| 610 | 2 | 0 | |a ceny |
| 610 | 2 | 0 | |a internet |
| 610 | 2 | 0 | |a správanie spotrebiteľa |
| 610 | 2 | 0 | |a prieskum informačný |
| 610 | 2 | 0 | |a Česko |